00315pab a2200121 454500008004000000100001800040245006100058260000900119300001100128362000900139650001800148773002700166180718b1986 xxu||||| |||| 00| 0 eng d aLubin, Martin aSymposium on public policy, Canada and the united states c1986 a555-65 aJun. aPublic Policy aPolicy Studies Journal